000 00403pab a2200157 454500
008 180718b2004 xxu||||| |||| 00| 0 eng d
100 _aKohn, Robert
245 _aThe treatment gap in mental health care
260 _c2004
300 _ap.858-66.
362 _aNov
650 _aHealth facilities
650 _aMental health
773 _aBulletin of the World Health Organization
909 _a63641
999 _c63641
_d63641